Kisufe ha-harpatkan; (Record no. 33547)

MARC details
000 -LEADER
fixed length control field 00761cam a22002531 4500
001 - CONTROL NUMBER
control field he 68002292
003 - CONTROL NUMBER IDENTIFIER
control field DLC
005 - DATE AND TIME OF LATEST TRANSACTION
control field 20260227111501.0
008 - FIXED-LENGTH DATA ELEMENTS--GENERAL INFORMATION
fixed length control field 920824s1966 is 000 1 hebr
010 ## - LIBRARY OF CONGRESS CONTROL NUMBER
LC control number he 68002292
025 ## - OVERSEAS ACQUISITION NUMBER
Overseas acquisition number PL480:Is-8388
035 ## - SYSTEM CONTROL NUMBER
System control number (OCoLC)26472160
040 ## - CATALOGING SOURCE
Original cataloging agency DLC
Transcribing agency TxU
Modifying agency TxU
-- DLC
041 1# - LANGUAGE CODE
Language code of text/sound track or separate title heb
Language code of original und
042 ## - AUTHENTICATION CODE
Authentication code premarc
050 00 - LIBRARY OF CONGRESS CALL NUMBER
Classification number PH355.W3
Item number M515
100 1# - MAIN ENTRY--PERSONAL NAME
Personal name Waltari, Mika,
Dates associated with a name 1908-
245 10 - TITLE STATEMENT
Title Kisufe ha-harpatkan;
Remainder of title roman
Statement of responsibility, etc. [me-et] Mikah Valtʼari. ʻIvrit: Eliʻezer Karmi.
260 ## - PUBLICATION, DISTRIBUTION, ETC.
Place of publication, distribution, etc. Tel Aviv,
Name of publisher, distributor, etc. M. Mizraḥi
Date of publication, distribution, etc. [1966]
300 ## - PHYSICAL DESCRIPTION
Extent 384 p.
Dimensions 22 cm.
490 0# - SERIES STATEMENT
Series statement Moʻadon ha-sefer ha-tov. Sidrat ha-romanim
500 ## - GENERAL NOTE
General note On verso of t.p.: The adveturer [sic]
500 ## - GENERAL NOTE
General note Translation of Mikael Karvajalka.

No items available.

Powered by Koha